Miglior risultato ai Mondiali - Quiz n°4 - Statistics

Statistiche generali
  • Questo quiz è stato fatto 24 volte
  • Il punteggio medio è 8 su 16
Statistiche sulle risposte
Hint Risposta % Corretto
Qatar Primo turno
91%
Argentina Campione
87%
Iraq Primo turno
78%
Bolivia Primo turno
65%
Canada Primo turno
65%
Messico Quarti di finale
65%
Camerun Quarti di finale
52%
Ucraina Quarti di finale
52%
Giappone Ottavi di finale
43%
Russia / Unione Sovietica Quarto posto
43%
Corea del Nord Quarti di finale
35%
Irlanda Quarti di finale
35%
Repubblica Ceca / Cecoslovacchia Secondo posto
35%
Arabia Saudita Ottavi di finale
30%
Costa Rica Ottavi di finale
4%
Cuba Quarti di finale
0%
Nessun quiz corrispondente trovato
Distribuzione punteggi
Percentuale di utenti per punteggio
Percentile per numero di risposta
I tuoi punteggi nel tempo
Non hai fatto questo quiz